Govt. of
Madhya Pradesh

Normal view MARC view

Entry Personal Name

Number of records used in: 1

001 - CONTROL NUMBER

  • control field: 60933

003 - CONTROL NUMBER IDENTIFIER

  • control field: OSt

005 - DATE AND TIME OF LATEST TRANSACTION

  • control field: 20160531112221.0

008 - FIXED-LENGTH DATA ELEMENTS

  • fixed length control field: 160531|| aca||aabn | a|a d

040 ## - CATALOGING SOURCE

  • Original cataloging agency: OSt
  • Transcribing agency: OSt

100 ## - HEADING--PERSONAL NAME

  • Personal name: वर्मा, आचार्य रजनीकांत

670 ## - SOURCE DATA FOUND

  • Source citation: Work cat.: (OSt)10076: वर्मा, आचार्य रजनीकांत , 1857 के विस्‍मृत योद्धा , 2000